000
00337nam a2200145Ia 4500
100
_a
Scheid francis
942
_c
BK
654
_a
numerical analysis
245
_a
2000 solved probems in numerical analysis
260
_b
Mc Graw Hill
_a
Singapore
_c
1990
082
_a
519.4076
_b
SCH
300
_a
698
546
_a
ENGLISH
999
_c
28322
_d
28322